01174nam a22002774i 4500003000900000008004100009020001800050040002500068041001800093080001400111100002600125245002400151250002200175264003200197300004200229336001000271337002000281338001400301520037200315521001300687650002500700700004100725942001400766999001300780952010300793AR-BaSMT250807t2016 uka|||br|||| 001 1 eng d a9781474924627 aBSGBbespañolerda1 aenghinglés a82-34=1111 aMackinnon, Mairi945014aThe Gingerbread Man aprimera edición aLondres : bUsborne,c2017. a32 páginas.bIlustraciones a color. aTexto aSin Mediación aVolúmen aYou can't catch me, I'm the gingerbread man! Everyone wants to catch the gingerbread man. Only the fox wants to help him - or does he? The Usborne English Readers series is a new range of graded readers in simplified English for younger learners. They include activities, glossaries and a full audio recording of the text in both British English and American English. aPrimaria 7923aCUENTOxInglés1 aLigi, RaffaelllaeIlustración9451 2ddcaBOOK c614d614 00102ddc40aBSGBbBSGBcInglés - AzuleDonacióni000844l0o82-34=111 MACp000844t1yBOOKf